LEADER 02897nam 2200625Ia 450 001 9910454509603321 005 20200520144314.0 010 $a9786611973049 010 $a1-281-97304-1 010 $a0-309-11460-8 035 $a(CKB)1000000000721516 035 $a(EBL)3378447 035 $a(SSID)ssj0000263363 035 $a(PQKBManifestationID)11217394 035 $a(PQKBTitleCode)TC0000263363 035 $a(PQKBWorkID)10272789 035 $a(PQKB)11311102 035 $a(MiAaPQ)EBC3378447 035 $a(Au-PeEL)EBL3378447 035 $a(CaPaEBR)ebr10274062 035 $a(CaONFJC)MIL197304 035 $a(OCoLC)923279828 035 $a(EXLCZ)991000000000721516 100 $a20080829d2008 uy 0 101 0 $aeng 135 $aur|n|---||||| 181 $ctxt 182 $cc 183 $acr 200 00$aU.S. conventional prompt global strike$b[electronic resource] $eissues for 2008 and beyond /$fCommittee on Conventional Prompt Global Strike Capability, Naval Studies Board, Division on Engineering and Physical Sciences, National Research Council of the National Academies 210 $aWashington, D.C. $cNational Academies Press$dc2008 215 $a1 online resource (239 p.) 300 $aDescription based upon print version of record. 311 $a0-309-11459-4 320 $aIncludes bibliographical references. 327 $a""Preface""; ""Acknowledgment of Reviewers""; ""Contents""; ""Summary""; ""1 Introduction""; ""2 Military Issues""; ""3 Political, International, Policy, and Doctrinal Issues""; ""4 Technology Issues""; ""5 Assessment of Conventional Prompt Global Strike Optionsa???Synthesis""; ""6 Key Questions and Major Findings and Recommendations""; ""Appendix A: Acronyms and Abbreviations""; ""Appendix B: Letter from Senators Inouye and Stevens""; ""Appendix C: Committee and Staff Biographies""; ""Appendix D: Statement of Task and Congressional Language""; ""Appendix E: Interim Letter Report to Congress"" 327 $a""Appendix F: Summary of Committee Meeting Agendas""""Appendix G: The Why and How of Boost-Glide Systems""; ""Appendix H: Cooperative Reduction of Nuclear Ambiguity""; ""Appendix I: The Minuteman Option"" 606 $aAstronautics, Military$zUnited States 606 $aBallistic missile defenses$zUnited States 606 $aSpace warfare 606 $aSpace weapons 608 $aElectronic books. 615 0$aAstronautics, Military 615 0$aBallistic missile defenses 615 0$aSpace warfare. 615 0$aSpace weapons. 676 $a358.1740973 712 02$aNational Research Council (U.S.).$bCommittee on Conventional Prompt Global Strike Capability. 801 0$bMiAaPQ 801 1$bMiAaPQ 801 2$bMiAaPQ 906 $aBOOK 912 $a9910454509603321 996 $aU.S. conventional prompt global strike$92261398 997 $aUNINA LEADER 01491nam a22003011i 4500 001 991000405979707536 005 20040826085013.0 008 040920s1999 it ita 020 $a8832435349 035 $ab13215899-39ule_inst 035 $aARCHE-116213$9ExL 040 $aSet. Economia$bita$cA.t.i. Arché s.c.r.l. Pandora Sicilia s.r.l. 082 04$a657.8360 100 1 $aGismondi, Fulvio$0116846 245 13$aIl bilancio d'esercizio delle imprese di assicurazione :$bprincipi contabili nel mercato assicurativo dell'Ue, moderni approcci alla valutazione del rischio in campo assicurativo /$cFulvio Gismondi, Giancarlo Curti, Tiziana Di Gregorio ; prefazione di Alfonso Desiata 260 $aMilano :$bIl sole-24 ore :$b[Milano] :$bPricewaterhouseCoopers,$c1999 300 $aXVIII, 510 p. ;$c22 cm 490 $aDiritto degli affari 650 4$aCompagnie di assicurazione$xGestione 700 1 $aDi Gregorio, Tiziana$eauthor$4http://id.loc.gov/vocabulary/relators/aut$0374398 700 1 $aCurti, Giancarlo$eauthor$4http://id.loc.gov/vocabulary/relators/aut$0729733 700 1 $aDesiata, Alfonso 907 $a.b13215899$b26-03-19$c23-09-04 912 $a991000405979707536 945 $aLE025 ECO 657.8 GIS01.01$g1$i2025000174221$lle025$nCatalogato 2019$o-$pE0.00$q-$rl$s- $t0$u5$v4$w5$x0$y.i13871456$z23-09-04 996 $aBilancio d'esercizio delle imprese di assicurazione$91429966 997 $aUNISALENTO 998 $ale025$b23-09-04$cm$da $e-$fita$git $h3$i1